Die weltanschauliche Orientierung der Schizophrenen
| Authors: | ; |
|---|---|
| Format: | Print Book |
| Language: | German |
| Published: |
München [u.a.]
Reinhardt
1965
|
| In: |
Psychologie und Person (8)
Year: 1965 |
| Availability in Tübingen: | Present in Tübingen. IFK: M IV 15 |
| Check availability: | HBZ Gateway |
| Subito Delivery Service: | Order now. |
| Keywords: |
MARC
| LEADER | 00000cam a2200000 c 4500 | ||
|---|---|---|---|
| 001 | 1075160537 | ||
| 003 | DE-627 | ||
| 005 | 20260206204000.0 | ||
| 007 | tu | ||
| 008 | 850101s1965 gw ||||| 00| ||ger c | ||
| 035 | |a (DE-627)1075160537 | ||
| 035 | |a (DE-603)061246220 | ||
| 035 | |a (DE-576)005160537 | ||
| 035 | |a (DE-599)BSZ005160537 | ||
| 035 | |a (OCoLC)14486205 | ||
| 035 | |a (OCoLC)14486205 | ||
| 035 | |a (OCoLC)07634944 | ||
| 035 | |a (DE-604)8070992223 | ||
| 040 | |a DE-627 |b ger |c DE-627 |e rakwb | ||
| 041 | |a ger | ||
| 044 | |c XA-DE |c XA-CH | ||
| 084 | |a 03b |a 17a |2 sdnb | ||
| 084 | |a MS 6250 |2 rvk |0 (DE-625)rvk/123746: | ||
| 084 | |a CZ 3000 |2 rvk |0 (DE-625)rvk/19240: | ||
| 084 | |a YH 6100 |2 rvk |0 (DE-625)rvk/153561:12905 | ||
| 084 | |a CU 3000 |2 rvk |0 (DE-625)rvk/19104: | ||
| 084 | |a 44.91 |2 bkl | ||
| 100 | 1 | |a Kreitler, Hans |d 1916-1993 |0 (DE-588)1151832200 |0 (DE-627)1012343073 |0 (DE-576)498081826 |4 aut | |
| 109 | |a Kreitler, Hans 1916-1993 |a Ḳraiṭler, Hans 1916-1993 | ||
| 245 | 1 | 4 | |a Die weltanschauliche Orientierung der Schizophrenen |c von Hans und Shulamith Kreitler |
| 264 | 1 | |a München [u.a.] |b Reinhardt |c 1965 | |
| 300 | |a 170 S. |b graph. Darst. | ||
| 336 | |a Text |b txt |2 rdacontent | ||
| 337 | |a ohne Hilfsmittel zu benutzen |b n |2 rdamedia | ||
| 338 | |a Band |b nc |2 rdacarrier | ||
| 490 | 1 | |a Psychologie und Person |v 8 | |
| 500 | |a Literaturverz. S. 170 | ||
| 583 | 1 | |a Massenentsäuert |c 2010 |k DE-18 |2 pdager |5 DE-18-64 | |
| 583 | 1 | |a Archivierung/Langzeitarchivierung gewährleistet |c 2022 |f SLG |x XA-DE-BW |2 pdager |5 DE-289 | |
| 650 | 0 | |a Schizophrenia |2 DE-289 | |
| 650 | 2 | |a Schizophrenic Psychology | |
| 650 | 2 | |a Psychology, Clinical | |
| 650 | 0 | 7 | |0 (DE-588)4052527-2 |0 (DE-627)104509287 |0 (DE-576)209098740 |a Schizophrenie |2 gnd |
| 650 | 0 | 7 | |0 (DE-588)4065348-1 |0 (DE-627)106119451 |0 (DE-576)209158077 |a Weltanschauung |2 gnd |
| 689 | 0 | 0 | |d s |0 (DE-588)4179643-3 |0 (DE-627)105332100 |0 (DE-576)209992697 |a Schizophrener |2 gnd |
| 689 | 0 | 1 | |d s |0 (DE-588)4065348-1 |0 (DE-627)106119451 |0 (DE-576)209158077 |a Weltanschauung |2 gnd |
| 689 | 0 | |5 (DE-627) | |
| 700 | 1 | |a Ḳraiṭler, Shulamit |d 1938- |0 (DE-588)1020704071 |0 (DE-627)688998917 |0 (DE-576)161825222 |4 aut | |
| 830 | 0 | |a Psychologie und Person |v 8 |9 8 |w (DE-627)129289590 |w (DE-576)000991058 |w (DE-600)120226-1 |x 0079-7405 |7 am | |
| 889 | |w (DE-627)177432470 | ||
| 889 | |w (DE-627)022073736 | ||
| 935 | |i mdedup | ||
| 935 | |h HEB |i 0501 | ||
| 935 | |h HEB |i 0503 | ||
| 936 | r | v | |a MS 6250 |b Sozialpsychiatrie, Psychiatrie, Psychische Gesundheit |k Soziologie |k Spezielle Soziologien |k Medizinsoziologie |k Sozialpsychiatrie, Psychiatrie, Psychische Gesundheit |0 (DE-627)1271441381 |0 (DE-625)rvk/123746: |0 (DE-576)201441381 |
| 936 | r | v | |a CZ 3000 |b Psychopathologie, Psychiatrie |k Psychologie |k Grenzgebiete der Psychologie |k Psychopathologie, Psychiatrie |0 (DE-627)1271133776 |0 (DE-625)rvk/19240: |0 (DE-576)201133776 |
| 936 | r | v | |a YH 6100 |b Allgemeines |k Medizin |k Psychiatrie, Medizinische Psychologie |k Spezielle Psychiatrie |k Psychosen |k Endogene Psychosen, allgemein |k Schizophrenie, Paranoia, Katatonie, Hebephrenie |k Allgemeines |0 (DE-627)1270989359 |0 (DE-625)rvk/153561:12905 |0 (DE-576)200989359 |
| 936 | r | v | |a CU 3000 |b Psychische Störungen (Allgemeines, Einführungen, Gesamtdarstellungen) |k Psychologie |k Klinische Psychologie |k Psychische Störungen |k Psychische Störungen (Allgemeines, Einführungen, Gesamtdarstellungen) |0 (DE-627)1271488639 |0 (DE-625)rvk/19104: |0 (DE-576)201488639 |
| 936 | b | k | |a 44.91 |j Psychiatrie |j Psychopathologie |0 (DE-627)106409972 |
| 936 | s | n | |a w200 |2 mzub |
| 936 | s | n | |a c200 |2 mzub |
| 951 | |a BO | ||
| ELC | |b 1 | ||
| LOK | |0 000 xxxxxcx a22 zn 4500 | ||
| LOK | |0 001 2873285664 | ||
| LOK | |0 003 DE-627 | ||
| LOK | |0 004 1075160537 | ||
| LOK | |0 005 20151116135335 | ||
| LOK | |0 008 150728||||||||||||||||ger||||||| | ||
| LOK | |0 035 |a (DE-21-110)kd31448 | ||
| LOK | |0 040 |a DE-21-110 |c DE-627 |d DE-21-110 | ||
| LOK | |0 852 |a DE-21-110 | ||
| LOK | |0 852 1 |c M IV 15 |m p |9 00 | ||
| LOK | |0 935 |a k110 | ||
| LOK | |0 938 |k p | ||
| LOK | |0 939 |a 28-07-15 |b l01 | ||
| ORI | |a SA-MARC-krimdoka001.raw | ||
| SIG | |a IFK: M IV 15 | ||
